000
00276nam a2200109Ia 4500
008
190913s9999||||xx |||||||||||||| ||und||
100
_a
John Chirillo
245
2
_a
A Complete Reference for UNIX, Windows
260
_a
New Delhi
_b
McGraw Hill
_c
2000
300
_a
421
942
_c
BK
999
_c
8343
_d
8343